美国华裔比例最高的20个较大城市 - Statistics

General Stats
  • This quiz has been taken 32 times
  • The average score is 12 of 20
Answer Stats
城市 纯华裔 含混血 人口(万人) % Correct
6 NY--NJ 纽约 4.23% 4.64% 1910.1
96%
1 CA 圣弗朗西斯科(旧金山) 13.03% 15.01% 343.4
96%
4 CA 洛杉矶 4.82% 5.82% 1206.8
93%
5 WA 西雅图 4.27% 5.42% 354.3
93%
11 DC--VA--MD 华盛顿 2.09% 2.59% 514.3
93%
7 MA--NH 波士顿 3.70% 4.27% 435.5
79%
14 TX 休斯敦 1.69% 2.05% 591.3
79%
18 IL--IN 芝加哥 1.37% 1.65% 858.1
75%
15 PA--NJ--DE--MD 费城 1.66% 1.99% 570.4
71%
10 CA 圣迭戈 2.15% 2.99% 306.2
68%
8 CA 萨克拉门托 2.81% 3.80% 195.0
61%
12 OR--WA 波特兰 1.79% 2.68% 210.1
57%
13 NV 拉斯维加斯 1.73% 2.52% 222.1
54%
2 CA 圣何塞 12.86% 14.75% 180.2
46%
19 MD 巴尔的摩 1.20% 1.49% 220.2
46%
3 HI 火奴鲁鲁(檀香山) 5.94% 17.06% 84.6
39%
16 TX 奥斯汀 1.49% 1.98% 185.5
32%
9 CA 里弗赛德(河滨) 2.37% 2.92% 229.5
11%
20 NC 罗利 1.18% 1.48% 112.7
7%
17 CT--NY 布里奇波特-斯坦福 1.35% 1.71% 91.6
0%
No matching quizzes found
Score Distribution
Percent of People with Each Score
Percentile by Number Answered
Your Score History
You have not taken this quiz